[Event "Østlandsserien 2012/2013, 3. div. D"]
[Site "Ås, Akershus NOR"]
[Date "2013.03.03"]
[Round "4"]
[White "Lange, David"]
[Black "Pedersen, Odd"]
[Result "1-0"]
[WhiteElo "1809"]
[BlackElo "1623"]
[PlyCount "103"]
[EventDate "2012.11.04"]
[WhiteTeam "Follo 1"]
[BlackTeam "Ullr"]

1. d4 f5 2. c4 Nf6 3. Nc3 e6 4. g3 Be7 5. Bg2 O-O 6. Nf3 c6 7. O-O d5 8. b3 Ne4
9. Bb2 Bd7 10. Ne5 Be8 11. f3 Nxc3 12. Bxc3 Nd7 13. Nxd7 Qxd7 14. e4 fxe4 15.
fxe4 Bg6 16. Qe2 Bg5 17. Kh1 Qd6 18. cxd5 exd5 19. exd5 cxd5 20. Qb5 Rxf1+ 21.
Rxf1 Bf6 22. Qxd5+ Qxd5 23. Bxd5+ Kh8 24. Bxb7 Rd8 25. Rd1 Bh5 26. Rf1 Kg8 27.
Ba6 Bf7 28. Rf4 Bg5 29. Rf5 Bf6 30. Rc5 h6 31. Bc4 Bxc4 32. Rxc4 Rd7 33. Kg2
Kf7 34. Kf3 Ke6 35. Ke4 Kf7 36. Bb4 Bg5 37. d5 Bd8 38. Rc8 Bc7 39. Bc5 a5 40.
Ra8 h5 41. Ra7 Ke8 42. d6 Bd8 43. Kd5 Rxa7 44. Bxa7 Kd7 45. Bd4 g6 46. Bc3 Bb6
47. b4 axb4 48. Bxb4 Bg1 49. h3 g5 50. g4 hxg4 51. hxg4 Be3 52. a4 {Oppgitt}
1-0

[Event "Østlandsserien 2012/2013, 3. div. D"]
[Site "Ås, Akershus NOR"]
[Date "2013.03.03"]
[Round "4"]
[White "Wood, Rowan"]
[Black "Flügel, Stefan"]
[Result "1-0"]
[WhiteElo "1459"]
[BlackElo "1702"]
[PlyCount "87"]
[EventDate "2012.11.04"]
[WhiteTeam "Ullr"]
[BlackTeam "Follo 1"]

1. e4 Nc6 2. Nf3 Nf6 3. Nc3 e5 4. Bb5 Nd4 5. d3 Nxb5 6. Nxb5 c6 7. Nc3 Qc7 8.
O-O Bc5 9. Qe1 d6 10. h3 Be6 11. Be3 Bb6 12. Rd1 h6 13. a3 g5 14. Ne2 d5 15.
Ng3 d4 16. Bd2 g4 17. hxg4 Bxg4 18. Nf5 Bxf3 19. gxf3 O-O-O 20. Kh2 Rdg8 21.
Rg1 Qd8 22. Rxg8 Rxg8 23. Qf1 Kb8 24. Qh3 Nh7 25. Rg1 Ng5 26. Bxg5 hxg5 27. Qg4
c5 28. Kg2 Ba5 29. Qg3 f6 30. Rh1 Rh8 31. Rxh8 Qxh8 32. Qh3 Qxh3+ 33. Kxh3 b5
34. Kg4 Kc7 35. Ng7 Kd7 36. Kf5 Bd8 37. Nh5 a5 38. Nxf6+ Bxf6 39. Kxf6 Kd6 40.
Kxg5 b4 41. axb4 a4 42. bxc5+ Kxc5 43. Kf5 Kd6 44. Kf6 {Oppgitt} 1-0

[Event "Østlandsserien 2012/2013, 3. div. D"]
[Site "Ås, Akershus NOR"]
[Date "2013.03.03"]
[Round "4"]
[White "Lea, Per"]
[Black "Heggum, Tore"]
[Result "1/2-1/2"]
[WhiteElo "1666"]
[BlackElo "1418"]
[PlyCount "68"]
[EventDate "2012.11.04"]
[WhiteTeam "Follo 1"]
[BlackTeam "Ullr"]

1. e4 e6 2. d4 d5 3. Nc3 dxe4 4. Nxe4 Nd7 5. Nf3 Ngf6 6. Bg5 Be7 7. Nxf6+ Bxf6
8. Bxf6 Nxf6 9. Ne5 O-O 10. Bd3 c5 11. dxc5 Qa5+ 12. c3 Qxc5 13. Qe2 b6 14.
O-O-O Bb7 15. f4 Nd5 16. Qd2 Qe3 17. Rhf1 Rfd8 18. Nc4 Qxd2+ 19. Rxd2 Ba6 20.
Ne5 Bxd3 21. Rxd3 Rac8 22. g3 Kf8 23. f5 exf5 24. Rxf5 Nf6 25. Rdf3 Rc5 26. g4
Re8 27. g5 $2 (27. Nd7+ $1 Nxd7 28. Rxf7+ Kg8 29. Rxd7) (27. Rxf6 gxf6 28. Nd7+
Kg7 29. Nxc5 bxc5) 27... Rexe5 28. Rxe5 Rxe5 29. gxf6 Re2 30. fxg7+ Kxg7 31.
Rg3+ Kh6 32. Rf3 Kg6 33. Rg3+ Kh6 34. Rf3 Kg7 1/2-1/2

[Event "Østlandsserien 2012/2013, 3. div. D"]
[Site "Oslo NOR"]
[Date "2013.03.10"]
[Round "5"]
[White "Lange, David"]
[Black "Fredriksen, Jon Gunnar"]
[Result "1-0"]
[WhiteElo "1809"]
[BlackElo "1782"]
[PlyCount "111"]
[EventDate "2012.11.04"]
[WhiteTeam "Follo 1"]
[BlackTeam "Akademisk 2"]

1. d4 Nf6 2. c4 Nc6 3. Nf3 d6 4. d5 Ne5 5. Nxe5 dxe5 6. Nc3 e6 7. e4 Bc5 8. Be2
O-O 9. O-O h6 10. Qc2 exd5 11. cxd5 a6 12. a3 Qd6 13. b4 Bd4 14. Bb2 Bd7 15.
Rad1 Nh7 16. Bd3 g6 17. Bc1 f5 18. Bxh6 Rf7 19. Be3 Bxc3 20. Qxc3 f4 21. Bc5
Qf6 22. f3 Kg7 23. Bc4 Rh8 24. d6 c6 25. Bxf7 Kxf7 26. Kf2 Ng5 27. Rh1 Ne6 28.
Rd2 Rh5 29. Ke2 Qg5 30. Kd1 Qh6 31. Kc2 Kf6 32. h3 Qf8 33. Rc1 Qb8 34. Qd3 Rh7
35. Qe2 a5 36. Kd1 a4 37. Bg1 Nd8 38. Qf2 Be6 39. Qa7 Qxa7 40. Bxa7 Rd7 41. Bb6
Nf7 42. Bc7 Bb3+ 43. Ke1 Ke6 44. Rc5 Nxd6 45. Rxd6+ Rxd6 46. Bxd6 Kxd6 47. Ra5
g5 48. Kf2 b6 49. Ra7 c5 50. bxc5+ Kxc5 51. Rg7 Kd4 52. Rxg5 b5 53. Rg7 Kc3 54.
h4 Kb2 55. h5 Kxa3 56. h6 1-0

[Event "Østlandsserien 2012/2013, 3. div. D"]
[Site "Oslo NOR"]
[Date "2013.03.10"]
[Round "5"]
[White "Erikstad, Olav"]
[Black "Flügel, Stefan"]
[Result "1-0"]
[WhiteElo "1759"]
[BlackElo "1702"]
[Annotator "Stefan Flügel"]
[PlyCount "119"]
[EventDate "2012.11.04"]
[WhiteTeam "Akademisk 2"]
[BlackTeam "Follo 1"]

{319MB, LT-8WVHB2J} 1. d4 {[%emt 0:00:00]} e6 2. c4 b6 3. Nf3 Bb7 4. g3 Bxf3 ({
etter....} 4... Nf6 5. Bg2 {blir det en vanlig dronningindisk. Jeg foretrekker
å ta springern siden det fører til mer ublanserte og langt mer spennende
posisjoner.}) 5. exf3 c5 6. d5 {
Jeg undervurderte trekket noe, etter det får jeg en ganske passiv stilling}
exd5 7. cxd5 Bd6 8. Nc3 Nf6 9. Nb5 Qe7+ 10. Qe2 Qxe2+ 11. Bxe2 Ke7 {
dette ser risikabelt ut, men er det eneste trekk som ikke taper material} 12.
Bc4 Ne8 13. O-O Kd8 14. Re1 Be7 15. d6 Nxd6 16. Nxd6 ({
Rybka anbefaler følgende variant} 16. Rxe7 Nxb5 17. Bg5 Nd6 18. Bd5 h6 19. Bxa8
hxg5 20. Re2) 16... Bxd6 17. Bxf7 Nc6 {her var jeg fornøyd, angrepet kom ikke
gjennom og min bedre bonderstruktur skal kompensere for hvit sin løperpar} 18.
Bd2 Be5 {det var viktig å ikke la hvit komme på a1-h8 diagonalen} 19. Bc3 Bxc3
20. bxc3 Kc7 21. Rad1 Rhf8 22. Bd5 Rae8 23. f4 b5 24. Be4 g6 25. Re3 Rf6 26. f3
Rfe6 27. Red3 d6 28. h4 a5 29. a3 Ne7 30. g4 {
etter 13 trekk er dette det første trekk Rybka kritiserer} Rf8 31. Rb1 Kb6 32.
Rd2 Rxf4 33. Rdb2 {Rybka vurderer stillingen til rundt -1,6} b4 34. axb4 axb4
35. cxb4 c4 36. Ra2 Rexe4 $6 (36... d5 37. Rba1 Ref6 {.... var klart bedre.
Det er (som det skal vises seg seinere) ikke så lett å vinne etter å ha byttet
tårn mot løper + 2 bønder}) 37. fxe4 Rxg4+ 38. Kf2 Rxe4 39. b5 d5 {
i følge Rybka fjerner dette svart sin fordel} (39... Nf5 40. Ra6+ Kb7 {
... er anbefalt}) 40. Ra6+ Kb7 41. Rd6 Kc7 42. Ra6 Nc8 43. Rc6+ Kb7 44. Rc5 Nb6
45. Kf3 Rxh4 {jeg tenkte veldig lenge før jeg tok h-bonden. Synes i etterkant
at trekket er en klar feil (selv om Rybka vurderer stillingen som 0.00)} 46.
Re1 Re4 $2 {
det er først det trekket som Rybka kritiserer, anbefalt er istendfor ....} (
46... Rh3+ 47. Kg4 Rb3 {
...men jeg synes det ser skummelt ut å la hvits andre tårn penetrere på 7-råd})
47. Rxe4 dxe4+ 48. Kxe4 {ifølge Rybka er sluttspillet tapt for svart. Verken
hvit eller svart spiller optimalt de neste trekkene (noe som ikke er så rart i
dette komplekse sluttspillet)} Nd7 49. Rxc4 Kb6 50. Rb4 Nc5+ 51. Kd4 h5 52. Kc4
h4 53. Rb1 g5 54. Rg1 Ne4 55. Rg4 Nd6+ 56. Kb4 Nf7 $2 (56... Nxb5 {er et teoret
isk remis. Jeg skulle ha spilt sånn, men med kun 3 minutter på klokka er det
heller ikke veldig fristende å forsvare springer-mot-tårn-sluttspill.}) 57. Re4
$1 {jeg så ikke dette sterke trekket. Etter det er det håpløst for svart} Nd8
58. Re8 g4 59. Rxd8 g3 60. Rg8 {mitt tredje strake tap (på tre partier) i
Østlandsserien. Men jeg var ikke like skuffet over innsatsen min som jeg var
etter de andre to tapene. Kampen mot Akademisk2 endte 2:2 (et greit resultat
mot min gamle klubb)} 1-0

[Event "Østlandsserien 2012/2013, 3. div. D"]
[Site "Oslo NOR"]
[Date "2013.03.10"]
[Round "5"]
[White "Lea, Per"]
[Black "Olsen, Andrei"]
[Result "1-0"]
[WhiteElo "1666"]
[BlackElo "1641"]
[Annotator "Lea,Per"]
[PlyCount "156"]
[EventDate "2012.11.04"]
[WhiteTeam "Follo 1"]
[BlackTeam "Akademisk 2"]

1. e4 e5 2. Nf3 Nc6 3. Bb5 a6 4. Ba4 d6 5. d4 b5 6. d5 ({
Her lurer det en felle:} 6. Bb3 Nxd4 7. Nxd4 exd4 8. Qxd4 $4 (8. Bd5 $1 {
Redningen er:} Rb8 9. Qxd4 Ne7) 8... c5 9. Qe3 ({Eller:} 9. Qd5 Be6 10. Qc6+
Bd7 11. Qd5 c4 {
0-1,som nesten skjedde i Per Lea - Jørn Snellingen, høstturneringa 2011...})
9... c4 {0-1}) 6... Nb8 7. Bb3 Nd7 8. c3 ({Bedre er visstnok} 8. a4 {
men jeg likte ikke} Nc5 9. axb5 Nxb3 10. cxb3 Bb7 {
- men Fritz er helt uenig. Bøndene i b-linja er ikke noe pent syn.}) 8... Ngf6
9. Bc2 Bb7 10. Nbd2 c6 {Her begynte jeg å ane at svart kunne få til et
ubehagelig press mot bonden på e4} 11. dxc6 Bxc6 12. O-O Be7 13. Re1 O-O 14.
Nf1 Nc5 15. Ng3 Re8 16. Bg5 h6 17. Bd2 Bf8 18. b4 {
Dristig - bonden på c3 kan fort bli svak.} Ne6 19. Nf5 Kh7 20. Qc1 {Svart vil f
å plassert løperen på g7, men da skal han i hvert fall slite med å få spilt
bonden til g6!} Ng8 ({Planen med å presse mot e4 var kanskje bedre, f.eks.:} 
20... Qd7 21. h3 Qb7) 21. a4 Qf6 22. axb5 axb5 23. Qb2 (23. N3d4 Rxa1 (23...
exd4 24. e5 dxe5 25. Nxd4+ Kh8 26. Nxc6) 24. Qxa1 Ra8 25. Qb2 Bd7 {
med ørliten fordel for hvit var noe jeg overhodet ikke så under partiet...})
23... g6 24. Ne3 Nf4 25. c4 bxc4 26. Nxc4 Nh3+ {Morsomt, men ikke godt nok.}
27. Kf1 Bb5 28. Bd3 Bd7 $2 (28... Rxa1 29. Rxa1 Nf4 {gir omtrent lik stilling})
29. Nb6 Rxa1 30. Rxa1 Be6 31. Bc4 Bg4 32. Ra7 Re7 33. Nd5 Qe6 {Fikst!} 34. Ne3
Qc8 35. Rxe7 $2 {I gjensidig tidsnød blir det gjerne endel feiltrekk...} (35.
Ba6 $1 Qc6 36. Rxe7 Bxe7 (36... Qxa6+ $4 37. b5 Qc8 38. Rxf7+ {1-0}) 37. Nxg4
Qxa6+ 38. b5 Qb7 39. gxh3 {og hvit bør vinne greit}) 35... Bxe7 36. Ne1 Nf4 37.
Bxf7 Nf6 38. f3 Be6 39. Bxe6 Nxe6 40. Qc3 Qa6+ {Tidsnøden er over i første
omgang: svart hadde 9 sekunder igjen på klokka; hvit 1min. 32 sek.} 41. Qc4
Qxc4+ 42. Nxc4 Nd4 43. Na3 $2 {Ideen var å hindre svart i å blokkere b-bonden.}
(43. Nd3 Nb5 44. Na5 Bd8 45. Nc6 Bc7 46. Ke2 {skal visstnok være bedre, men
jeg syntes det virket mer forlokkende å kunne avansere med fribonden. Nå viste
det seg at den falt på sin post på nettopp b4, men det var ikke så lett å se
på forhånd.}) 43... d5 44. exd5 Nxd5 45. Nd3 g5 46. Nc4 $1 ({bedre enn} 46.
Nxe5 Bd6 47. Nd3 Bxh2 {som jeg trodde svart hadde planlagt, men han kunne bare
ha slått på b4 med en gang. Jeg innbiller meg at det ville bli enda
vanskeligere å vinne partiet med alle bøndene på kongefløyen.}) 46... Kg8 47.
Ncxe5 Bd6 48. h3 Kg7 49. Nc4 Bg3 {Nå gjelder det bare å passe seg for
mattnett! Så lenge de svarte offiserene får stå slik, kommer aldri den hvite
kongen ut på banen.} 50. Ne3 Nb3 {I tillegg til en muligens tapt stilling på
brettet, har svart økonomisert dårlig med tida: det gjenstår nå kun 3 min. 59
sek.! Selv kan jeg kose meg med den luksusen det er å ha over 10 ganger så mye
tid til rådighet.} 51. Nf5+ (51. Nxd5 Nxd2+ 52. Ke2 Nb3 53. Ke3 {ville jeg ikke
gå inn i fordi jeg mistenker at løperen ville oppveie litt av minusbøndene.
Men dette var sannsynligvis nok en feilvurdering fra min side.}) 51... Kf6 52.
Nxg3 Nxd2+ 53. Ke2 Nb3 54. Ne4+ Kf5 55. Ng3+ Kf6 56. Nc5 Nd4+ 57. Kd3 Nxf3 $2 {
Ren desperasjon, men det kunne jo fort ha resultert i etbondeløstremissluttspi
ll med 2 hvite og 1 svart springer.} 58. gxf3 Nxb4+ 59. Ke4 Nc6 60. Nd7+ Ke6
61. Nc5+ Kf6 62. Nf5 Kg6 63. Nd7 {Med trussl om springergaffel på e4 - på
springeren! Men et bytte her vil trolig gjøre gevinstføringa enklere.} Nb4 64.
Ne5+ Kh5 65. Ng4 Nc2 66. Ngxh6 Ne1 67. Nf7 Ng2 68. Nxg5 ({
Jeg begynte å frykte noe i stil med:} 68. Nd4 Kh4 69. Nf5+ Kxh3 70. Nxg5+ Kh2
71. f4 Nxf4 {med remis!}) 68... Kxg5 69. h4+ Kh5 70. Ke5 Ne1 71. f4 Nf3+ 72.
Ke6 Kg4 73. Kf6 $4 {Gir svart remis, men han har bare sekunder igjen på klokka.
} Kxf4 ({Eller} 73... Nxh4 74. Nxh4 Kxf4 {Remis}) 74. h5 Nh2 $4 (74... Ne5 $1 {
og hvit kan ikke vinne partiet annet enn på tid. Men dette så ingen av oss.})
75. Nh6 Ke4 76. Kg5 Nf3+ 77. Kg6 Nh4+ 78. Kg7 {
Igjen er stillingen remis på brettet, men etter} Nf5+ $4 {er alt over i
dobbelt forstand: tida er ute, og etter springerbyttet ville h-bonden gått
rett inn.} 1-0

[Event "Østlandsserien 2012/2013, 3. div. D"]
[Site "Oslo NOR"]
[Date "2013.03.10"]
[Round "5"]
[White "Søreng, Eirik"]
[Black "Lange, Holger"]
[Result "1-0"]
[WhiteElo "1714"]
[BlackElo "1636"]
[PlyCount "61"]
[EventDate "2012.11.04"]
[WhiteTeam "Akademisk 2"]
[BlackTeam "Follo 1"]

1. c4 Nf6 2. g3 e6 3. Bg2 d5 4. Nf3 Be7 5. d4 O-O 6. O-O c5 7. cxd5 Nxd5 8.
dxc5 Bxc5 9. Qc2 Qc7 10. Nc3 Bd7 11. e4 Nb4 12. Qb1 Qb6 13. a3 N4a6 14. b4 Be7
15. Be3 Qd8 16. Rd1 Qc8 17. Qb3 Nc7 18. Rac1 Nc6 19. e5 Qe8 20. b5 Na5 21. Qa4
b6 22. Qg4 Kh8 23. Ng5 Rc8 24. Qh5 Bxg5 25. Bxg5 f6 26. Qxe8 Bxe8 27. exf6 Nxb5
28. Nxb5 Bxb5 29. Rxc8 Rxc8 30. f7 Nc6 31. Bd8 1-0

[Event "Østlandsserien 2012/2013, 3. div. C"]
[Site "Ås, Akershus NOR"]
[Date "2012.11.04"]
[Round "1"]
[White "Amarapala, Sherington"]
[Black "Moberg, Jan Rune"]
[Result "1/2-1/2"]
[WhiteElo "1617"]
[BlackElo "1511"]
[PlyCount "135"]
[EventDate "2012.11.04"]
[WhiteTeam "Lørenskog"]
[BlackTeam "Follo 2"]

1. e4 e5 2. Nf3 d6 3. d4 Nd7 4. dxe5 dxe5 5. Bc4 c6 6. Ng5 Nh6 7. O-O Qc7 8. c3
b5 9. Bb3 Nc5 10. Bc2 g6 11. h3 f6 12. Nf3 Ne6 13. Be3 Bg7 14. b4 O-O 15. Nbd2
Nf7 16. Nb3 Rd8 17. Qe2 Nd6 18. Nc5 Nxc5 19. Bxc5 Nb7 20. Bb3+ Kh8 21. Be3 a5
22. Rfd1 a4 23. Bc2 Be6 24. Rac1 Bxa2 25. Bd3 Bb3 26. Rd2 Nd6 27. Bc2 Bxc2 28.
Rdxc2 Nc4 29. Nd2 Nxe3 30. Qxe3 Bf8 31. Rb1 Rd7 32. c4 Qd6 33. Nf3 Qd3 34. Qxd3
Rxd3 35. cxb5 cxb5 36. Ne1 Rd4 37. Rc6 Rxe4 38. Rxf6 a3 39. Nd3 a2 40. Ra1 Rd4
41. Nc1 Rd1+ 42. Kh2 Bg7 (42... Rxc1 43. Rxc1 Bxb4 $19) 43. Rc6 Rd2 $4 44. Rxa2
Rdxa2 45. Nxa2 e4 46. Nc3 Be5+ 47. g3 Bxc3 48. Rxc3 Ra2 49. Kg2 Rb2 50. Rc8+
Kg7 51. Kf1 Rxb4 52. Ke2 Kf6 53. Ke3 Ke5 54. Re8+ Kd5 55. Re7 h6 56. Rh7 g5 57.
Rxh6 Rb3+ 58. Kd2 Rd3+ 59. Ke2 Ra3 60. Rg6 Kd4 61. Rxg5 Ra2+ 62. Kf1 b4 63. Rb5
Kc4 64. Rb7 b3 65. Ke1 b2 66. Kd1 Kd3 67. Rd7+ Kc3 68. Rc7+ 1/2-1/2

[Event "Østlandsserien 2012/2013, 3. div. C"]
[Site "Ås, Akershus NOR"]
[Date "2012.11.04"]
[Round "1"]
[White "Simonsen, Steinar"]
[Black "Liu, Bibek"]
[Result "0-1"]
[WhiteElo "1336"]
[BlackElo "1588"]
[PlyCount "100"]
[EventDate "2012.11.04"]
[WhiteTeam "Follo 2"]
[BlackTeam "Lørenskog"]

1. e4 c5 2. Nf3 d6 3. d4 cxd4 4. Nxd4 Nf6 5. Nc3 a6 6. Bd3 g6 7. O-O Bg7 8. h3
Nbd7 9. Be3 O-O 10. Qd2 Re8 11. f4 Qc7 12. f5 Ne5 13. fxg6 fxg6 14. Nd5 Nxd5
15. exd5 Bd7 16. Ne6 Bxe6 17. dxe6 Nc4 18. Bxc4 Qxc4 19. Rae1 Qxe6 20. Bh6 Bxh6
21. Qxh6 Qxa2 22. Re3 Qd5 23. Ref3 Qd4+ 24. Kh1 Qg7 25. Qg5 Rac8 26. Qd5+ Kh8
27. Qxb7 Rxc2 28. Rf7 Qe5 29. Rf8+ Rxf8 30. Rxf8+ Kg7 31. Rf1 Rxb2 32. Qc8 Kh6
33. Qf8+ Qg7 34. Qf4+ g5 35. Qf3 a5 36. Qg4 Qg6 37. Re1 e5 38. Qc8 Rf2 39. Qg4
Rf4 40. Qe2 a4 41. g3 Rd4 42. Qf2 Rd3 43. Rf1 Qg7 44. Kh2 a3 45. Qf5 Rd2+ 46.
Kh1 a2 47. Qe6+ Qg6 48. Qc4 d5 49. Qc3 Qe4+ 50. Qf3 Qxf3+ 0-1

[Event "Østlandsserien 2012/2013, 3. div. C"]
[Site "Ås, Akershus NOR"]
[Date "2012.11.04"]
[Round "1"]
[White "Vargordi, Stephan"]
[Black "Olsen, Trygve"]
[Result "0-1"]
[WhiteElo "1138"]
[BlackElo "1278"]
[PlyCount "104"]
[EventDate "2012.11.04"]
[WhiteTeam "Lørenskog"]
[BlackTeam "Follo 2"]

1. e4 c5 2. d3 Nc6 3. Nc3 g6 4. f4 d6 5. Nf3 Bg7 6. Ne2 Qb6 7. c3 Bg4 8. Qa4
Bxf3 9. gxf3 O-O-O 10. Bh3+ Kb8 11. Qa3 Nf6 12. Be3 e6 13. d4 Nd7 14. e5 Qa5
15. Qb3 d5 16. dxc5 Nxc5 17. Qc2 d4 18. Bd2 d3 19. Qd1 dxe2 20. Qxe2 Nd3+ 21.
Kf1 Nxb2 22. Rb1 Na4 23. Be1 Nxc3 24. Bxc3 Qxc3 25. Qb5 Rd7 (25... Qxf3+ 26.
Ke1 Qc3+ 27. Kf1 Qxh3+) 26. Kf2 h5 (26... Nd4 $1 27. Rhd1 (27. Qxd7 $2 Qxf3+
28. Kg1 Ne2#) 27... Qxf3+ 28. Kg1 Nxb5) 27. Rhd1 Rc7 28. Rdc1 Qd4+ 29. Kg3 h4+
30. Kg2 Qb6 31. Qc4 Na5 32. Qe4 Qa6 33. Kh1 b6 34. Bf1 Qb7 35. Qe3 Rhc8 36. Qd3
Rxc1 37. Rxc1 Rxc1 38. Qd8+ Qc8 39. Qd6+ Qc7 40. Qd3 Bf8 41. Kg2 Qc2+ 42. Qe2
Qxe2+ 43. Bxe2 Rc2 44. Kf2 Bc5+ 45. Kf1 h3 46. Bd1 Rxh2 47. f5 Rf2+ 48. Ke1 h2
49. Be2 h1=Q+ 50. Kd2 Qxf3 51. fxg6 Rxe2+ 52. Kc1 Qf1# 0-1

[Event "Østlandsserien 2012/2013, 3. div. C"]
[Site "Ås, Akershus NOR"]
[Date "2012.12.09"]
[Round "2"]
[White "Djurhuus, Eivind"]
[Black "Moberg, Jan Rune"]
[Result "1-0"]
[WhiteElo "1761"]
[BlackElo "1511"]
[PlyCount "83"]
[EventDate "2012.11.04"]
[WhiteTeam "Nordstrand 6"]
[BlackTeam "Follo 2"]

1. e4 e5 2. Nf3 d6 3. d4 Nd7 4. Bc4 c6 5. O-O Be7 6. dxe5 dxe5 7. Ng5 Bxg5 8.
Qh5 Qe7 9. Bxg5 Ngf6 10. Qf3 O-O 11. Nc3 Qc5 12. Bb3 b5 13. a3 h6 14. Bh4 Nh7
15. Rfe1 Ndf6 16. h3 Ng5 17. Qg3 Nh5 18. Qe3 Qe7 19. Rad1 Nf4 20. Bg3 Qf6 21.
Qc5 Nfxh3+ 22. gxh3 Nf3+ 23. Kg2 Nxe1+ 24. Rxe1 Re8 25. Rd1 Be6 26. Rd6 Rac8
27. Kh2 Qf3 28. Rxc6 a6 29. Bxe6 Rxc6 30. Bxf7+ Qxf7 31. Qxc6 Re6 32. Qc8+ Kh7
33. Nd5 Qg6 34. c3 h5 35. f3 Qh6 36. Qc5 h4 37. Be1 Qg5 38. Qe3 Qd8 39. f4 exf4
40. Qxf4 Qe8 41. Qxh4+ Kg8 42. Nc7 1-0

[Event "Østlandsserien 2012/2013, 3. div. C"]
[Site "Ås, Akershus NOR"]
[Date "2012.12.09"]
[Round "2"]
[White "Bakken, Svein-Erik"]
[Black "Tryggestad, Andreas G"]
[Result "0-1"]
[WhiteElo "1427"]
[BlackElo "1538"]
[PlyCount "104"]
[EventDate "2012.11.04"]
[WhiteTeam "Follo 2"]
[BlackTeam "Nordstrand 6"]

1. d4 Nf6 2. c4 g6 3. Nc3 d5 4. Bf4 Bg7 5. e3 O-O 6. Nf3 c5 7. dxc5 Qa5 8. Qb3
Ne4 9. Rc1 Nxc5 10. Qb5 Bxc3+ 11. bxc3 Qa3 12. Qb1 Bf5 13. Qa1 dxc4 14. Bxc4
Bd3 15. Nd2 Bxc4 16. Nxc4 Qxc1+ 17. Qxc1 Nd3+ 18. Kd2 Nxc1 19. Rxc1 Nc6 20. Rb1
b6 21. e4 Rac8 22. Ne3 e6 23. Bd6 Rfd8 24. e5 Na5 25. Rc1 Nc4+ 26. Nxc4 Rxc4
27. g3 Rdc8 28. Kd3 R4c6 29. c4 Rd8 30. Ke3 Rdxd6 31. exd6 Rxd6 32. f4 Kf8 33.
Rc2 Ke7 34. a3 Kd7 35. h3 Kc6 36. g4 Kc5 37. h4 Rd4 38. Rc3 a5 39. g5 Rd1 40.
Ke4 Re1+ 41. Kf3 Rh1 42. Kg4 Rd1 43. Kf3 a4 44. Ke4 Re1+ 45. Kf3 Rh1 46. Ke4
Re1+ 47. Kf3 Rb1 48. Ke4 Rb3 49. Rc1 Rxa3 50. Rd1 Rc3 51. Rd7 Rxc4+ 52. Ke5 a3
0-1

[Event "Østlandsserien 2012/2013, 3. div. C"]
[Site "Ås, Akershus NOR"]
[Date "2012.12.09"]
[Round "2"]
[White "Kvendseth, Cornelius"]
[Black "Thowsen, Alf Geir"]
[Result "1-0"]
[WhiteElo "1374"]
[BlackElo "1154"]
[PlyCount "87"]
[EventDate "2012.11.04"]
[WhiteTeam "Nordstrand 6"]
[BlackTeam "Follo 2"]

1. d4 Nf6 2. c4 c5 3. d5 e5 4. Nc3 d6 5. Nf3 Be7 6. e3 Nbd7 7. Bd3 Nf8 8. O-O
Ng6 9. b3 O-O 10. Bb2 Re8 11. Bc2 Ng4 12. h3 Nh6 13. e4 Nf4 14. Bc1 Qd7 15.
Bxf4 exf4 16. e5 dxe5 17. Nxe5 Qd8 18. Nf3 Bf6 19. Qd3 Bf5 20. Qd2 Qa5 21. Bxf5
Bxc3 22. Qxf4 Bxa1 23. Rxa1 Nxf5 24. Qxf5 Qc3 25. Rd1 g6 26. Qf4 Qa5 27. Rd2
Re7 28. d6 Rd7 29. Ne5 Rad8 30. Nxd7 Rxd7 31. Re2 Qd8 32. Rd2 Qa5 33. Qe3 Qd8
34. Qxc5 a6 35. b4 b6 36. Qe5 Qc8 37. a3 Qxc4 38. Qe3 Qe6 39. Qd4 f6 40. Rd1
Qb3 41. Re1 Qf7 42. Qxb6 Qd5 43. Qb8+ Kf7 44. Qe8+ 1-0